|
|
|
|
| LEADER |
01028nam a2200253 a 4500 |
| 001 |
4492426 |
| 008 |
100422r19981997enka b 001 0 eng d |
| 010 |
|
|
|a \\\97066133
|
| 020 |
|
|
|a 0803976666 (pbk.)
|
| 020 |
|
|
|a 0803976658
|
| 040 |
|
|
|a UkNcU
|c UkNcU
|d WaU
|d OrMaC
|d DLC
|d BD-DhAAL
|
| 082 |
0 |
0 |
|a 300/.72
|2 21
|
| 245 |
0 |
0 |
|a Qualitative research :
|b theory, method, and practice /
|c edited by David Silverman.
|
| 260 |
|
|
|a London ;
|a Thousand Oaks, Calif. ;
|a New Delhi :
|b Sage Publications,
|c 1997 [reprinted 1998].
|
| 300 |
|
|
|a ix, 262 p. :
|b ill. ;
|c 24 cm.
|
| 504 |
|
|
|a Includes bibliographical references and indexes.
|
| 541 |
1 |
|
|e 00006547
|
| 650 |
|
0 |
|a Social sciences
|x Research.
|
| 650 |
|
0 |
|a Social sciences
|x Methodology.
|
| 650 |
|
0 |
|a Qualitative research.
|
| 700 |
1 |
|
|a Silverman, David.
|
| 852 |
4 |
|
|a Ayesha Abed Library
|j General Shelf
|
| 999 |
|
|
|c 8204
|d 8204
|
| 952 |
|
|
|0 0
|1 0
|2 ddc
|4 0
|6 300_720000000000000_QUA_1998
|7 0
|9 9381
|a BRACUL
|b BRACUL
|c GEN
|d 2010-04-22
|l 4
|m 12
|o 300.72 QUA
|p 3010006547
|r 2017-01-01
|s 2016-11-30
|t 1
|w 2010-04-22
|y BK
|